00474nam a2200169 a 450000500170000000800410001704000250005804100080008304400070009111100840009824500440018226000220022630000110024865000100025965000130026965000220028220151120115401.0140224b1983 sz ||||| |||| 00| 0 eng d aCO-BoIAVHcCO-BoIAVH aeng asz aConvention on International Trade in Endangered Species of Wild Fauna and Flora aCITESbidentification manual, crocodile aGlandbUICNc1983 a150 p. aCITES aReptiles aListas rojas UICN